| 000 | 01751nam a2200337 a 4500 | ||
|---|---|---|---|
| 001 | 000027692 | ||
| 003 | DO-SdBNP | ||
| 005 | 20260521093433.0 | ||
| 008 | 110404s2000 dr 0bspa d | ||
| 020 | _a9993401587 | ||
| 040 |
_aBPMSU _bspa _cBPMSU |
||
| 049 | _a | ||
| 082 |
_a923.17293 _bD542L, 2000 |
||
| 100 | 1 |
_aDíaz, Vigil, _d1880-1961. |
|
| 245 | 1 | 0 |
_aLilís, El tirano Ulises Heureaux, o, Veinte años de historia tenebrosa de América / _cVigil Días, Horacio Blanco Fombona presentación Julio Genaro Campillo Pérez. |
| 250 | _a2a. ed. | ||
| 260 |
_aCiudad Trujillo, República Dominicana : _bLa Trinitaria, _c2000 |
||
| 300 |
_a199 p. ; _c23 cm. |
||
| 500 | _aIncluye datos biográficos de los autores en la contracubierta | ||
| 505 | 0 | _aLiminar -- Infancia y adolescencia del tirano -- El oficial luperonista -- En la primera magistratura -- Los fusilamientos -- Anécdotas que lo revelan -- Lilís y la independencia de Cuba -- Retrato de Lilís -- El aventurero financista en la política hispanoamericana -- Carta de amor de Lilís a una dama francesa -- La muerte del tirano -- Orígenes del código de la muerte -- El Código de la Muerte. | |
| 563 | _aDos obras encuadernadas juntas con paginación continua | ||
| 590 | _6Inventariado, 2021/VM | ||
| 600 | 1 | 0 |
_aHeureaux, Ulises _d1845-1899 _xAnécdotas, chistes, sátiras, etc |
| 650 | 7 |
_aEnsayos dominicanos. _2Lemb |
|
| 651 | 4 |
_aRepública Dominicana _xHistoria _y1844-1930 |
|
| 700 | 1 |
_aBlanco Fombona, Horacio, _d1989-1948 _tEl Tirano Ulises Heureaux o Veinte años de historia tenebrosa de América |
|
| 700 | 1 |
_aJulio Genaro Campillo Pérez. _d1922 - |
|
| 740 | _aVeinte años de historia tenebrosa de América | ||
| 910 | _aVMateo | ||
| 942 |
_2ddc _cBK |
||
| 999 |
_c13415 _d13415 |
||